[Event "Sofia MTel Masters 2nd"]
[Site "Sofia"]
[Date "2006.05.13"]
[Round "3"]
[White "Bacrot, Etienne"]
[Black "Svidler, Peter"]
[Result "1/2-1/2"]
[WhiteElo "2708"]
[BlackElo "2743"]
[Annotator "Marin,M"]
[PlyCount "63"]
[EventDate "2006.05.11"]
[EventType "tourn"]
[EventRounds "10"]
[EventCountry "BUL"]
[EventCategory "20"]
[SourceTitle "CBM 113"]
[Source "ChessBase"]
[SourceDate "2006.07.31"]
[SourceVersion "1"]
[SourceVersionDate "2006.07.31"]
[SourceQuality "1"]

1. d4 Nf6 2. c4 g6 3. Nc3 d5 4. cxd5 Nxd5 5. e4 Nxc3 6. bxc3 Bg7 7. Nf3 c5 8.
Rb1 O-O 9. Be2 b6 10. O-O Bb7 11. Qd3 Qc7 $5 ({Theory is relatively well
established after} 11... Ba6 {, when White is supposed to maintain an edge.
With his last move, Black declares his intentions to enter a less explored
territory.}) 12. d5 Nd7 {[#]} 13. Qc2 $5 ({This move was introduced in
practice recently by Bacrot. White retreats his queen on a less exposed square,
waiting for Black to declare his intentions. After the more straightforward} 
13. c4 e6 14. Qc2 Rfe8 15. Bg5 Nf6 16. Bd3 h6 17. Bd2 exd5 18. exd5 Re7 19. a4
Rae8 {Black had sufficient counterplay in Navara-Jansa, Karlovy Vary 2005.})
13... Rad8 ({Deviating from Bacrot's previous game, which continued with} 13...
Ne5 14. Nxe5 Qxe5 15. c4 e6 16. Bb2 Qc7 17. Bxg7 Kxg7 18. a4 {with a stable
advantage, which White failed to convert into a win in Bacrot-Navara,
Gothenburg 2005. We can see that Navara adopted 11...Qc7, too possibly under
the impression of the fact that he could not prove an advantage with White.})
14. Bg5 Bf6 15. Bh6 Bg7 16. Bxg7 Kxg7 17. a4 e6 {[#]} 18. dxe6 $6 ({Possibly
missing Black's strong repyl.} 18. c4 {, consolidating the centre, would have
left White in control of the position.}) 18... Nf6 $1 ({Of course,} 18... fxe6
{would have left Black with a terrible structure.}) 19. Ng5 h6 20. Nxf7 Bxe4
21. Qb3 Rxf7 22. exf7 Bxb1 23. Rxb1 Qxf7 24. Qxf7+ Kxf7 25. Bc4+ Kf8 26. f3 Rd2
27. a5 bxa5 28. Ra1 Rc2 29. Bd3 Rd2 30. Bc4 Rc2 31. Bd3 Rd2 32. Bc4 1/2-1/2

[Event "Dortmund SuperGM 34th"]
[Site "Dortmund"]
[Date "2006.08.01"]
[Round "3"]
[White "Gelfand, Boris"]
[Black "Svidler, Peter"]
[Result "1/2-1/2"]
[WhiteElo "2729"]
[BlackElo "2742"]
[Annotator "Krasenkow,M"]
[PlyCount "58"]
[EventDate "2006.07.29"]
[EventType "tourn"]
[EventRounds "7"]
[EventCountry "GER"]
[EventCategory "19"]
[SourceTitle "CBM 114"]
[Source "ChessBase"]
[SourceDate "2006.10.02"]
[SourceVersion "1"]
[SourceVersionDate "2006.10.02"]
[SourceQuality "1"]

1. d4 Nf6 2. c4 g6 3. Nc3 d5 4. cxd5 Nxd5 5. e4 Nxc3 6. bxc3 Bg7 7. Nf3 c5 8.
Rb1 O-O 9. Be2 b6 10. O-O Bb7 11. Qd3 e6 12. Bg5 Qc7 13. Qe3 Nd7 14. e5 {
This double-edged move restricting Black's d7 knight (but giving up the d5
square) has become topical in several opening systems (e.g. Queen's Indian).}
Rae8 {[%cal Yf7f6][%mdl 4] A relatively new plan.} (14... Rac8 15. Nd2 (15.
Rfe1 Rfe8 16. Bb5 Bc6 {1/2-1/2 Langeweg,C-Jansa,V/La Valetta 1980/EXT 2000})
15... cxd4 16. cxd4 Qc3 17. Bb5 Qxe3 18. fxe3 Rc2 19. Rf2 Nb8 20. Nc4 Rxf2 21.
Kxf2 f6 22. exf6 Bxf6 23. Bxf6 Rxf6+ 24. Kg3 Bc6 25. a4 Bxb5 26. axb5 Rf7 27.
Ne5 Rc7 28. Ra1 $16 {1-0 Jussupow,A-Brinck Claussen,B/Plovdiv 1983/EU-chT (34)
- the classical stem game for this system}) (14... Bd5 15. Be7 Rfc8 16. Bd6 Qb7
17. a4 cxd4 18. cxd4 Nb8 19. a5 Nc6 20. axb6 axb6 21. Bc5 Rcb8 22. Rxb6 Qxb6
23. Bxb6 Rxb6 24. Nd2 $14 {1-0 Gelfand,B-Ivanchuk,V/Monte Carlo 2006/CBM 111
ext (45)}) (14... Rfe8 $5 {the same idea as 14...Rae8} 15. Bb5 Bc6 16. Bxc6
Qxc6 17. Nd2 cxd4 18. cxd4 f6 19. exf6 Nxf6 20. Bxf6 Bxf6 21. Nf3 Rad8 22. Qf4
Rf8 23. Rbc1 Qd6 24. Qg4 Rf7 $11 {1/2-1/2 Biriukov,O-Kalod,R/Pardubice 2005/
CBM 107 ext (50)}) (14... a6 $5 15. Be7 (15. Bh6 $5 b5 $1) 15... Rfc8 16. Bd6
Qc6 17. a4 Qe4 18. dxc5 $6 Nxc5 19. Bxc5 Rxc5 20. Rxb6 Qxe3 21. fxe3 Bxf3 22.
Rxf3 Bxe5 $15 {1/2-1/2 Agrest,E-Ivanchuk,V/Turin ITA 2006/The Week in Chess
604 (71)}) 15. Nd2 {This is now absolutely harmless. The knight can't get to
d6 as the e5 pawn will disappear in a moment.} (15. Bb5 Bc6 16. a4 (16. Bxc6
Qxc6 17. h4 f6 18. exf6 Nxf6 19. Ne5 Qc7 20. Rbe1 Nd5 21. Qg3 Rf5 22. h5 $6
gxh5 23. Bh6 Kh8 24. c4 Bxh6 25. cxd5 Bf4 $15 {1-0 Halkias,S-Eljanov,P/Ohrid
2001/CBM 084/[Hecht] (46)}) 16... Qb7 17. Rfe1 a6 18. Bf1 cxd4 19. cxd4 Bxa4
20. Qa3 Bb5 21. Bxb5 axb5 22. Rxb5 Ra8 23. Qb3 Rfc8 24. d5 exd5 25. Qxd5 Qxd5
26. Rxd5 Nc5 $11 {1/2-1/2 Johannessen,L-Nyback,T/Gothenburg 2005/CBM 109 (45)})
15... f6 16. exf6 cxd4 $1 (16... Nxf6 $143 17. Bxf6 Bxf6 18. dxc5) 17. cxd4
Nxf6 18. Rbc1 Qd7 19. Nc4 Nd5 20. Qd2 h6 $1 21. Be3 $6 {White was probably
taken aback by Black's move. Ceding a bishop pair was not necessary.} (21. Bxh6
$142 Bxh6 22. Qxh6 Nf4 23. Bg4 (23. Ne5 $143 Nxe2+ 24. Kh1 Bxg2+ $8 25. Kxg2
Qb7+ 26. Rc6 Re7 $15) 23... Qxd4 (23... Bxg2 24. Ne5) 24. Ne3 $11) 21... Nxe3
22. fxe3 e5 $1 23. Rxf8+ Rxf8 24. dxe5 Qxd2 25. Nxd2 Bxe5 $15 26. Bf3 Rc8 27.
Rd1 Ba6 28. Bd5+ Kg7 29. Nf3 Be2 $6 {For unknown reasons Black decides to make
a draw in this superior position.} (29... Bf6 30. Nd4 (30. Bb7 $6 Bxb7 31. Rd7+
Kf8 32. Rxb7 Rc1+ 33. Kf2 Rc2+) 30... Rc3 31. Ne6+ Kh8 32. e4 Be5 $15) 1/2-1/2

[Event "Dortmund SuperGM 34th"]
[Site "Dortmund"]
[Date "2006.08.04"]
[Round "5"]
[White "Naiditsch, Arkadij"]
[Black "Svidler, Peter"]
[Result "1/2-1/2"]
[WhiteElo "2664"]
[BlackElo "2742"]
[Annotator "Marin,M"]
[PlyCount "117"]
[EventDate "2006.07.29"]
[EventType "tourn"]
[EventRounds "7"]
[EventCountry "GER"]
[EventCategory "19"]
[SourceTitle "CBM 114"]
[Source "ChessBase"]
[SourceDate "2006.10.02"]
[SourceVersion "1"]
[SourceVersionDate "2006.10.02"]
[SourceQuality "1"]

1. e4 e5 2. Nf3 Nc6 3. Bb5 a6 4. Ba4 Nf6 5. O-O Be7 6. Re1 b5 7. Bb3 O-O 8. c3
d6 {An interesting psychological moment. White had the courage to allow the
Marshall Attack, but Svidler, one of its main adherents at top level, decides
to return to the positional paths of the closed Ruy Lopez. In doing so, he
might have been inspired by his countrymen Morozevich' successes, obtained in
the Zaitsev Variation just days earlier in Biel.} 9. h3 Bb7 {Svidler prefers
the classical move order, though.} 10. d4 Re8 11. Nbd2 Bf8 12. d5 Nb8 13. Nf1
Nbd7 14. N3h2 h6 15. Ng4 {By provoking the exchange of one of the main
attackers (or defenders, if you wish) of the d5-square, White intends to
inhibit the early opening of the centre by means of ...c6. In practice, Black
has constantly obtained slightly inferior positions in this line, although in
my opinion this only happened as a consequence of further inaccuracies.} (15.
Qf3 {Bruzon,L (2667)-Morozevich,A (2731) GM Biel SUI 2006 (1) 0-1}) 15... Nxg4
16. hxg4 Be7 {This is the simplest way to take advantage of White's move order.
Since the h4-d8 diagonal has been cleared, Black immediately activates his
passive bishop. He can switch back later to the opening of the centre.} 17. Ne3
{By interferring the c1-h6 diagonal, White aims to prevent the early exchange
of the dark-squared bishops.} (17. Ng3 Bg5 18. a4 Bxc1 ({It is hard to choose
the correct move order. In case of} 18... Nf6 $5 19. Bxg5 hxg5 {White would be
a whole tempo up compared to the game Milos-Vescovi, mentioned below.}) 19.
Qxc1 Nc5 20. Bc2 bxa4 {This is a positional concession, leaving White with the
more compact pawn structure.} (20... Qh4 $6 {is risky in view of} 21. Nf5 Qxg4
22. Re3 $40) ({but} 20... c6 $13 {should be preferred.}) 21. Bxa4 Nxa4 ({
The tactical operation} 21... Nd3 22. Qd2 Nxe1 23. Bxe8 Nxg2 24. Bxf7+ Kxf7 25.
Kxg2 $14 {does not chance anything essentially compared to the game: White
still enjoys more space, better structure and a slightly more active minor
piece.}) 22. Rxa4 c6 23. c4 c5 24. Qd2 Bc8 25. f3 Bd7 26. Ra3 Qh4 27. Qf2 Reb8
28. Rea1 Bc8 $14 {/= Black has a solid but somewhat passive position. 1/2-1/2
Milos,G (2614)-Xie Jun (2553)/Buenos Aires 2001/CBM 085 (41)}) (17. a4 Bg5 18.
axb5 axb5 19. Rxa8 Bxa8 20. Be3 {By committing the bishop's intentions so soon,
White somewhat restricts his possibilities.} (20. Ng3 $5) 20... Nf6 {Of course,
Black is not going to exchange on e3, bringing the enemy knight closer to the
critical f5- and d5-squares.} 21. Bxg5 {This is connected with loss of time
now.} hxg5 22. f3 c6 23. dxc6 Qb6+ $6 {After this pseudo-active move, Black
will soon lose coordination.} ({The simple} 23... Bxc6 {was better, for
instance} 24. Ne3 g6 25. Qd3 Kg7 26. Kf2 Qc7 27. Rd1 Rd8 {and Black has a safe
position.}) 24. Ne3 Rd8 25. Kh2 Bxc6 26. Nf5 $14 {/+/- 1/2-1/2 Milos,G (2580)
-Vescovi,G (2592)/Sao Paulo 2003/CBM 093 ext (44)}) 17... Bg5 18. Bc2 Nf6 {
Once the bishop has escaped out of the wall of pawns, the knight is ready to
occupy this square, where from it controls the d5-square in view of the
thematical break ...c6.} 19. a4 g6 $146 {Anticipating the possible development
of his own queen, which would leave the g5-square slightly vulnerable, Black
deprives the enemy knight from the jump to f5.} ({A previous game continued in
rather romantic way:} 19... c6 20. c4 Qd7 $6 (20... g6 {would transpose to our
main game.}) 21. Nf5 $1 Bxc1 22. Qxc1 $36 {[%cal Yg4g5]} cxd5 (22... Nxg4 23.
Ra3 $40) 23. Ra3 $5 {Hardly necessary extravagance.} ({Why not simply} 23. cxd5
{[%cal Yg4g5,Ya1a3,Ya3h3] White might have feared that} Rac8 {would have
slowed down his attack, but this move would hardly have solved Black's
problems, since his bishop would have remained isolated on b7.}) {The
following phase of the game is very interesting to watch but rather difficult
to comment.} 23... dxe4 24. Rd1 Re6 25. c5 Ne8 26. axb5 axb5 27. Rxa8 Bxa8 28.
cxd6 g6 29. Nxh6+ Kg7 30. Nxf7 Kxf7 31. Bb3 $36 {0-1 Shabalov,A (2605)-Stocek,
J (2557)/Philadelphia 2004/CBM 101 ext (40)}) 20. c4 c6 21. dxc6 Bxc6 22. axb5
axb5 23. Rxa8 Qxa8 {Black aims to put maximum of pressure on the long diagonal,
but leaves the d6-pawn undefended.} ({The alternative consisted of} 23... Bxa8
{and if} 24. cxb5 {then} Nxe4) 24. Qxd6 Nxe4 25. Bxe4 Bxe4 26. Nd5 Bxd5 ({
Another (and possibly, more reliable) way leading to approximate equality
consists of the slightly unexpected} 26... bxc4 $5 27. Rxe4 (27. Nf6+ $6 Bxf6
28. Qxf6 Re6 29. Qh4 g5 30. Qg3 Qd5 $17) 27... Rd8 $1 {(The point behind
Black's previous move)} 28. Nf6+ Bxf6 29. Qxf6 Rd1+ 30. Kh2 Rxc1 {Maybe
Svidler was afraid that after} 31. Rxe5 {he would face some back rank problems.
Indeed, White's activity is optically impressive, but after} Rc2 32. Re7 Qf8 {
followed by ...Qg7 the position looks rather drawish.}) 27. cxd5 Rd8 28. Qc6
Qa5 $6 {But this allows White retain a small plus.} ({Black would have
maintained equality with} 28... Bxc1 29. Rxc1 b4 $1 {preparing to eventualy
capture on c6.} ({The immediate} 29... Qxc6 {is premature because after} 30.
dxc6 Kf8 31. Rc5 {the pawns from the fifth rank would be hanging, leaving
White with a better, though not necessarily winning, ending after} Rc8 32. Rxe5
Rxc6 33. Rxb5)) 29. Rxe5 Qa1 30. Re1 Bxc1 31. Qc7 Qa8 32. Qxc1 Qxd5 33. Qxh6
$14 {White has obtained a small material advantage, which is rather difficult 
(if not impossible) to convert.} Qb3 34. Qg5 Rd1 35. Rxd1 Qxd1+ 36. Kh2 Qd4 37.
Qxb5 Qxf2 38. Qb8+ Kh7 39. Qb3 Kg8 40. Qb4 g5 41. Qb8+ Kh7 42. Qb3 Kg8 43. Qb4
Qe3 44. Qb8+ Kg7 45. Qc7 Qf2 46. Qe5+ f6 47. Qe7+ Kh6 48. Qb4 Kg7 49. b3 Qe3
50. Qb7+ Kg6 51. Qb8 Qe4 52. Qg3 Qd4 53. Kh3 Qd2 54. Qf3 Qe1 55. Qd3+ Kg7 56.
Qg3 Qh1+ 57. Qh2 Qe1 58. Qc7+ Kh6 59. Qg3 1/2-1/2

[Event "EU-Cup 22nd"]
[Site "Fuegen"]
[Date "2006.10.09"]
[Round "2.1"]
[White "Kortschnoj, Viktor Lvovich"]
[Black "Svidler, Peter"]
[Result "1/2-1/2"]
[WhiteElo "2607"]
[BlackElo "2750"]
[PlyCount "53"]
[EventDate "2006.10.08"]
[EventType "team-swiss"]
[EventRounds "7"]
[EventCountry "AUT"]
[SourceTitle "EXT 2020"]
[Source "ChessBase"]
[SourceDate "2019.10.17"]
[SourceVersion "1"]
[SourceVersionDate "2019.10.17"]
[SourceQuality "1"]
[WhiteTeam "Zuerich"]
[BlackTeam "Ural Sverdlovskaya"]
[WhiteTeamCountry "SUI"]
[BlackTeamCountry "RUS"]

1. d4 Nf6 2. c4 g6 3. Nc3 d5 4. Nf3 Bg7 5. e3 O-O 6. b4 b6 7. Ba3 c5 8. bxc5
bxc5 9. Rc1 Ne4 10. cxd5 Nxc3 11. Rxc3 cxd4 12. Nxd4 Qxd5 13. Qb3 Be6 14. Qxd5
Bxd5 15. Bb5 a6 16. Ba4 Ra7 17. O-O Bxa2 18. Rfc1 a5 19. R3c2 Bd5 20. Nb5 Rb7
21. Rc7 Bf6 22. Rxb7 Bxb7 23. Rc7 Bc6 24. Bxe7 Bxe7 25. Rxe7 Nd7 26. Nc3 Bxa4
27. Nxa4 1/2-1/2